Volumen Thesium TheologicarumIn Illustri Schola Nassovica Herbornae Disputatarum Annis 1592. 1593. 1594

Bibliographic Details
Main Author: Textor, Bernhard, okolo 1560-1602 (Author, Dedicator)
Corporate Author: Rab, Christoph (Herborn, Nemecko) (Printer)
Other Authors: Rab, Christoph, 1552-1620 (Printer)
Format: Book
Language:Latin
PhysicalDescription:zachované [4] listy, 173 strán 8°
Published: Herbornae Nassoviorum Ex officina Christophori Corvini M. DC. VI. [=1606]
Subjects:

MARC

LEADER 00000nam a2200000 a 4500
001 vtls011772297
003 SK-MaSNL
005 20260301142628.0
008 251112s1606 gw 010 0 lat
015 |a SNBHFA1606 
040 |a SNKHF  |b slo  |c SNK  |e AACR2 
041 0 |a lat 
044 |a gw  |c DE 
072 7 |a 2-1  |x Prirodzená teológia. Náboženská filozofia  |2 konspekt 
080 |a 2‑1  |2 2011 
080 |a 2‑12  |2 2011 
080 |a 2‑21  |2 2011 
100 1 |a Textor, Bernhard,  |d okolo 1560-1602  |4 aut  |4 dto  |9 498449 
245 1 0 |a Volumen Thesium TheologicarumIn Illustri Schola Nassovica Herbornae Disputatarum Annis 1592. 1593. 1594  |c Praeside Bernhardo Textore olim sacrarum literarum ibi Professore; postea verò in Illustri Aula Tillenburgensi Concionatore: donec inde in caelestem patriam evocatus fuit 
260 |a Herbornae Nassoviorum  |b Ex officina Christophori Corvini  |c M. DC. VI. [=1606] 
300 |a zachované [4] listy, 173 strán  |c 8° 
500 |a Signet, vinety, vlysy, iniciálka s ornamentálno pozadím vo voľnom priestore na 5 riadkov 
501 |a Príväzok 3. k: TEXTOR, Bernhard. Pandectae Sacrarum Concionum. Praemittuntur observationes generales de ministrorum & auditorum officio. Herbornae Nassoviorum: [Christoph Rab], 1606.  |5 SNKID 100289 
504 |a Marginálie, kustody 
508 |a Dedikácia: Textor, Bernhard; Reimann, Georg; Grau, Christoph; Zindel, Christian; Keplerus, Jodocus 
510 4 |a VD 17 23:643062A 
546 |a Latinčina  |b Antiqua  |b Kurzíva 
561 |a Z knižnice Učenej spoločnosti malohontskej.  |5 SNKID 100289/prív.3 
562 |a Defekt: chýbajú strany na konci knihy.  |5 SNKID 100289/prív.3 
650 0 7 |a teológia  |2 SNKPH  |9 1814 
650 0 7 |a kázne  |2 SNKPH  |9 1954 
650 0 7 |a argumenty  |2 SNKPH  |9 21134 
700 1 |a Reimann, Georg,  |d 16./17. storočie  |4 hnr  |9 498450 
700 1 |a Grau, Christoph,  |d 1558-1620  |4 hnr  |9 498451 
700 1 |a Keplerus, Jodocus  |4 oth  |4 hnr  |9 498452 
700 1 |a Rab, Christoph,  |d 1552-1620  |4 prt  |9 172664 
700 1 |a Zindel, Christian,  |d 1562-1612  |4 oth  |4 hnr  |9 498453 
700 1 |a Goeddaus, Johannes  |4 oth  |9 498454 
700 1 |a Kreuter, Gerhardus  |4 oth  |9 498455 
700 1 |a Moschetus, Jodocus  |4 oth  |9 498456 
700 1 |a Wissenbach, Johannes  |4 oth  |9 498457 
700 1 |a Willichius, Jodocus  |4 oth  |9 428996 
700 1 |a Martinius, Matthias,  |d 1572-1630  |4 oth  |9 498458 
700 1 |a Heckerus, Tilemannus  |4 oth  |9 498459 
700 1 |a Johannides, Christophorus  |4 oth  |9 498460 
710 1 |a Učená spoločnosť malohontská  |4 fmo  |9 205374 
710 0 |a Rab, Christoph (Herborn, Nemecko),  |d 1585-1620  |4 prt  |9 305204 
752 |a Nemecko  |d Herborn 
852 |a snk  |b Historické fondy  |p ID 100289/prív.3 
999 |c 770962  |d 772892 
952 |t II. B. g. 289 MHC 1200  |a SNK  |b SNK  |c SNK_HF  |y PREZ  |7 0  |p 17A1130907  |o snkID 100289/prív.3  |i snk2018/16684  |8 5  |z 3. príväzok  |0 0  |1 0  |4 0  |d 2018-08-14  |l 0  |r 2026-02-24 00:34:16  |w 2026-02-24